000 00379nam a2200181Ia 4500
003 0100
008 130303s9999 xx 000 0 und d
040 _cARRUPELIB
050 _aPL8681.9G6T7
100 _aGombe, J.M
245 _aTsika Dzavashona
260 _aHarare
260 _bCollege Press
260 _C1986
300 _a102p.
300 _b 21cm.
942 0 0 _05
999 _c23046
_d23046